| 000 | 01063nam a22003017a 4500 | ||
|---|---|---|---|
| 001 | 2259 | ||
| 003 | CO-MdFUSB | ||
| 005 | 20220224121346.0 | ||
| 008 | 170830t1982 cr ||||| |||| 00| 0 s d | ||
| 040 |
_aCO-MdFUSB _bspa _cCO-MdFUSB _dCO-MdFUSBC _erda |
||
| 041 | 0 | _aspa | |
| 082 | 0 | 4 | _aG 223.1 P694l |
| 100 | 1 |
_aPixley, Jorge _eautor |
|
| 245 | 1 | 0 |
_aEl libro de Job _b: Comentario Bíblico Latinoamericano _c/ Jorge Pixley |
| 264 | 1 |
_aSan José, Costa Rica : _bSeminario Bíblico Latinoamericano, _c©1982 |
|
| 264 | 4 | _c© 1982 | |
| 300 |
_a233 páginas _c; 21 cm |
||
| 336 |
_2rdacontent _atexto _btxt |
||
| 337 |
_2rdamedia _asin mediación _bn |
||
| 338 |
_2rdacarrier _avolumen _bnc |
||
| 505 | _aComentario al libro de Job: Yahvé prueba a Job (1:1-5). -- Los discursos de Job y sus tres amigos (2:11-27:23). -- El debate entre Job y Dios. -- Notas al texto del comentario. | ||
| 563 | _aRústico | ||
| 630 | 0 | 7 |
_aBiblia. _pAntiguo Testamento |
| 630 | 0 | 7 |
_aBiblia. _pJob |
| 653 | _aBiblia A.T. - Job - Comentarios | ||
| 942 | _cBK | ||
| 945 | _aJTF-925 | ||
| 999 |
_c33211 _d33211 |
||